Americký úverový program v Poľnobanke
Americký úverový program je určený na rozvoj malého a stredného podnikania. Vznikol r. 1993 uzatvorením zmluvy medzi Slovensko-americkým podnikateľským fondom a Poľnobanky, a.s. Podmienky úveru. Na čo možno poskytnúť úver a kto oň môže požiadať. Nový prístup ku klientom v Poľnobanke, a.s. Bratislava...
Gespeichert in:
| 1. Verfasser: | |
|---|---|
| Format: | Buchkapitel |
| Sprache: | Slowakisch Englisch |
| Schlagworte: | |
| Tags: |
Keine Tags, Fügen Sie das erste Tag hinzu!
|
MARC
| LEADER | 00000naa a2200000 4500 | ||
|---|---|---|---|
| 001 | r027455 | ||
| 005 | 20221129123258.8 | ||
| 041 | 0 | |a slo | |
| 041 | 0 | |a eng | |
| 044 | |a SK | ||
| 245 | 1 | 0 | |a Americký úverový program v Poľnobanke |c Soňa Babincová |
| 520 | |a Americký úverový program je určený na rozvoj malého a stredného podnikania. Vznikol r. 1993 uzatvorením zmluvy medzi Slovensko-americkým podnikateľským fondom a Poľnobanky, a.s. Podmienky úveru. Na čo možno poskytnúť úver a kto oň môže požiadať. Nový prístup ku klientom v Poľnobanke, a.s. Bratislava. | ||
| 610 | 2 | 0 | |a úver bankový |
| 610 | 2 | 0 | |a programy |
| 610 | 2 | 0 | |a Poľnobanka, a.s. Bratislava |
| 610 | 2 | 0 | |a Slovensko-americký podnikateľský fond |
| 610 | 2 | 0 | |a SAEF |
| 610 | 2 | 0 | |a podpora podnikania |
| 100 | 1 | |a Babincová, Soňa | |